Catálogo
 En Linea

Petrografía : (Registro nro. 36043)

Detalles MARC
000 -CABECERA
campo de control de longitud fija 00783nam a2200193 a 4500
001 - NÚMERO DE CONTROL
campo de control 000036552
005 - FECHA Y HORA DE LA ÚLTIMA TRANSACCIÓN
campo de control 20200930075808.0
008 - DATOS DE LONGITUD FIJA--INFORMACIÓN GENERAL
campo de control de longitud fija 120120s1979 mx a 000 0 spa d
040 ## - FUENTE DE LA CATALOGACIÓN
Centro catalogador/agencia de origen DO-SdBNP
Lengua de catalogación spa
Centro/agencia transcriptor BNPHU
100 1# - ENTRADA PRINCIPAL--NOMBRE DE PERSONA
Nombre de persona Howel, Williams
9 (RLIN) 62808
240 10 - TÍTULO UNIFORME
Título uniforme Petrography-an introduccition to the study of rocks in thin sections
245 10 - MENCIÓN DE TÍTULO
Título Petrografía :
Resto del título intruducción al estudio de las rocas en secciones delgadas /
Mención de responsabilidad, etc. Howel Williams, Francis J. Turner y Charles M. Gilbert ; traductor José Manuel López Rubio.
260 ## - PUBLICACIÓN, DISTRIBUCIÓN, ETC.
Lugar de publicación, distribución, etc. México :
Nombre del editor, distribuidor, etc. Continental Editorial,
Fecha de publicación, distribución, etc. 1979.
300 ## - DESCRIPCIÓN FÍSICA
Extensión 430 p. :
Otras características físicas il. ;
Dimensiones 23 cm.
500 ## - NOTA GENERAL
Nota general segunda reimpresión
700 12 - PUNTO DE ACCESO ADICIONAL--NOMBRE DE PERSONA
Nombre de persona Turner, Francis J.
9 (RLIN) 62809
700 12 - PUNTO DE ACCESO ADICIONAL--NOMBRE DE PERSONA
Nombre de persona Gilbert, Charles M.
9 (RLIN) 62810
700 12 - PUNTO DE ACCESO ADICIONAL--NOMBRE DE PERSONA
Nombre de persona López Rubio, José Manuel
-- tr.
9 (RLIN) 62811
Existencias
Estado de retiro Estado de pérdida Restricciones de uso No para préstamo Código de colección Localización permanente Ubicación/localización actual Ubicación en estantería Fecha de adquisición Número de inventario Total de préstamos Signatura topográfica completa Código de barras Fecha visto por última vez Precio válido a partir de Tipo de ítem Koha
      Excluido de préstamo Monografías: Libros y Folletos General General En catalogación 20.01.2012 LF1   36552-10 25.06.2020 25.06.2020 No se presta

Con tecnología Koha